The Clickable Anne Tyler Quiz Stats

 Plays Quiz not verified by Sporcle

Challenge
Share
Tweet
Embed
Score 0/20 Timer 05:00
0 Plays Today
% Correct
A Patchwork Planet
91.7%
Breathing Lessons
86.1%
Dinner at the Homesick Restaurant
83.3%
The Beginner's Goodbye
83.3%
Back When We Were Grown-ups
83.3%
Digging To America
83.3%
Accidental Tourist
80.6%
The Tin Can Tree
80.6%
A Spool of Blue Thread
80.6%
Morgan's Passing
77.8%
% Correct
If Morning Ever Comes
77.8%
The Amateur Marriage
77.8%
Noah's Compass
77.8%
A Slipping-Down Life
75%
Earthly Possessions
75%
Ladder of Years
75%
Celestial Navigation
72.2%
Saint Maybe
69.4%
The Clock Winder
66.7%
Searching for Caleb
63.9%

You're not logged in!

Compare scores with friends on all Sporcle quizzes.
Join for Free
OR
Log In

You Might Also Like...

Show Comments

Extras

Top Quizzes Today


Score Distribution

Your Account Isn't Verified!

In order to create a playlist on Sporcle, you need to verify the email address you used during registration. Go to your Sporcle Settings to finish the process.

Report this User

Report this user for behavior that violates our Community Guidelines.

Details: